000 00296nam a22001337a 4500
008 210511b ||||| |||| 00| 0 eng d
041 _aeng
080 _a573
082 _a573
100 _a11
101 _aBIO
245 _aIntroduction to Animal Physiology
_cJames Larimer
942 _2udc
_cBK
999 _c57247
_d57247